The biology of Calanoid Copepods: The biology of Calanoid Copepods

Guardado en:
Detalles Bibliográficos
Autor principal: J. Mauchline ... [et al.]
Formato: Libro
Lenguaje:Undetermined
Publicado: Amsterdam, The Netherlands Elsevier 1998
Materias:
Etiquetas: Agregar Etiqueta
Sin Etiquetas, Sea el primero en etiquetar este registro!
Thư viện lưu trữ: Trung tâm Học liệu Trường Đại học Cần Thơ
LEADER 00550nam a2200193Ia 4500
001 CTU_65673
008 210402s9999 xx 000 0 und d
020 |b 65 
082 |a 595.34 
082 |b A245 
100 |a J. Mauchline ... [et al.] 
245 4 |a The biology of Calanoid Copepods: The biology of Calanoid Copepods 
245 0 |c J. Mauchline ... [et al.] 
260 |a Amsterdam, The Netherlands 
260 |b Elsevier 
260 |c 1998 
650 |a crustacea 
904 |i Minh 
980 |a Trung tâm Học liệu Trường Đại học Cần Thơ